Adecuación del patio de la escuela Manolo Vásquez, Distrito Educativo 16-03 de Cevicos, año 2017 / Yulisa Tejada Adames, Gustavo Ordalíz López y Rosa Elena Jeréz Tejada ; asesor Jaime Arismendi Acosta Padilla (Registro nro. 19022)

Detalles MARC
000 -LEADER
fixed length control field 01162nam a22002411a 4500
001 - CONTROL NUMBER
control field 19022
003 - CONTROL NUMBER IDENTIFIER
control field OSt
005 - DATE AND TIME OF LATEST TRANSACTION
control field 20260204212434.0
008 - FIXED-LENGTH DATA ELEMENTS--GENERAL INFORMATION
fixed length control field 190122s2017||||dr ||||||b||||||||||spa||
090 ## - LOCALLY ASSIGNED LC-TYPE CALL NUMBER (OCLC); LOCAL CALL NUMBER (RLIN)
Classification number (OCLC) (R) ; Classification number, CALL (RLIN) (NR) ESP-GCE 2017 T34
100 1# - ASIENTO PRINCIPAL -- NOMBRE PERSONAL
Personal name Tejada Adames, Yulisa
Relator term sustentante
245 1# - TÍTULO PROPIAMENTE DICHO: SUBTÍTULO
Title Adecuación del patio de la escuela Manolo Vásquez, Distrito Educativo 16-03 de Cevicos, año 2017 / Yulisa Tejada Adames, Gustavo Ordalíz López y Rosa Elena Jeréz Tejada ; asesor Jaime Arismendi Acosta Padilla
260 ## - PUBLICATION, DISTRIBUTION, ETC.
Place of publication, distribution, etc. Cotuí, Republica Dominicana :
Name of publisher, distributor, etc. UTECO,
Date of publication, distribution, etc. 2017
300 ## - PHYSICAL DESCRIPTION
Extensión 38 hojas :
502 ## - THESIS NOTE
Dissertation note Tesis (Especialidad en Planificación y Gestión de Centros Educativos)--Universidad Tecnológica del Cibao Oriental, 2017
504 ## - BIBLIOGRAPHY, ETC. NOTE
Bibliography, etc. note Incluye referencia bibliográfica e índice
650 #4 - ASIENTO SECUNDARIO DE MATERIA -- TERMINO TOPICO
Asiento secundario de materia Adecuación del patio--Especialidad en Planificación y Gestión de Centros Educativos
700 1# - ASIENTO SECUNDARIO -- NOMBRE PERSONAL
Personal name Ordalíz López, Gustavo
Relator term sustentante
700 1# - ASIENTO SECUNDARIO -- NOMBRE PERSONAL
Personal name Jerez Tejada, Rosa Elena
Relator term sustentante
700 1# - ASIENTO SECUNDARIO -- NOMBRE PERSONAL
Personal name Acosta Padilla, Jaime Arismendi
Relator term asesor
830 ## - ASIENTO SECUNDARIO DE SERIE - TÍTULO UNIFORME
Uniform title Tesis y disertaciones académicas (Universidad Tecnológica del Cibao Oriental)
942 ## - ADDED ENTRY ELEMENTS (KOHA)
Source of classification or shelving scheme Clasificación Local
Koha item type Tesis
Existencias
Withdrawn status Lost status Source of classification or shelving scheme Damaged status Not for loan Collection code Home library Current library Shelving location Date acquired Inventory number Total Checkouts Full call number Barcode Date last seen Copy number Price effective from Koha item type
    Clasificación Local   Préstamo Interno Trabajos de Grado e Investigación   Biblioteca UTECO En Estantería 09/09/2019 PGE-2017-016   ESP-GCE 2017 T34 PGE-2017-016 09/09/2019 Ej.1 09/09/2019 Tesis
© 2021 Derechos Reservados UTECO - Teléfono: +1 809-585-2291 - Correo electrónico: biblioteca@uteco.edu.do​  
Código postal 43000 ​​
Dirección: Avenida Universitaria No. 100, 
Cotuí, Provincia Sánchez Ramírez, República Dominicana - RNC: 404-00059-6